| 000 | 00380nam a22001577a 4500 | ||
|---|---|---|---|
| 003 | OSt | ||
| 008 | 250514b |||||||| |||| 00| 0 eng d | ||
| 020 | _a8188388998 | ||
| 100 | _aOAK, Purasautam Naages | ||
| 245 | _aVishav Itihash k vilupat adayae | ||
| 250 | _a17th | ||
| 260 |
_aNew Delhi _bHindi Sahitya Sadan _c2017 |
||
| 300 | _a232 | ||
| 650 | _aGeneral | ||
| 942 |
_2ddc _cBK |
||
| 999 |
_c13576 _d13576 |
||